Effectif Standard de Liège (2025-2026) - Statistiques

Statistiques générales
  • Ce quiz a été pris 37 fois
    31 depuis la dernière actualisation
  • Le résultat moyen est 28 sur 37
Statistiques - réponses
Numéro Poste Nationalité Nom % Correct
10 BU Iran Dennis Eckert Ayensa
100%
13 DD Etats-Unis Marlon Fossey
100%
1 G RD Congo Matthieu Epolo
100%
17 AG Comores Rafiki Saïd
100%
4 DC Ecosse David Bates
96%
18 DD Angleterre Henry Lawrence
96%
21 G Belgique Lucas Pirard
96%
80 MOC Malte Teddy Teuma
96%
9 BU France Thomas henry
96%
94 MC Danemark Casper Nielsen
92%
25 DC Belgique Ibe Hautekiet
92%
20 MDC France Ibrahim Karamoko
92%
59 BU France Timothée Nkada
92%
26 AD Cameroun Bernard Nguene
88%
3 DG Danemark Gustav Mortensen
88%
11 AD Belgique Adnane Abid
84%
24 DC Togo Josué Homawoo
84%
19 BU Belgique René Mitongo
80%
- Coach Belgique Vincent Euvrard
80%
29 DC Belgique Daan Dierckx
76%
27 MOC Maroc Mohammed El Hankouri
76%
7 AG Allemagne Tobias Mohr
76%
22 DG Belgique Alexandro Calut
72%
5 DG Belgique Boli Bolingoli
72%
33 MC Belgique Charli Spoden
68%
23 MDC Madagascar Marco Ilaimaharitra
68%
53 DD Belgique Steeven Assengue
68%
14 MC Belgique Léandre Kuavita
64%
45 G Belgique Matteo Godfroid
64%
8 MC Chili Nayel Mehssatou
64%
15 DG Côte d'Ivoire Souleyman Doumbia
60%
95 BU France Grejohn Kyei
48%
35 G Bosnie-Herzégovine Belmin Dizdarevic
44%
73 MOC Belgique Bradley Nam James
20%
35 DC Belgique Oscar Olivier
20%
46 G Belgique Quentin Durka
20%
15 BU Belgique Yann Gboua
20%
Aucun quiz correspondant
Distribution des résultats
% des personnes avec chaque résultat
Percentile par nombre de réponses
Votre historique - résultats
Vous n’avez pas pris ce quiz depuis la dernière actualisation